Industrial man (Record no. 76490)

MARC details
000 -LEADER
fixed length control field 00711nam a2200181 a 4500
008 - FIXED-LENGTH DATA ELEMENTS--GENERAL INFORMATION
fixed length control field 120416s1969 ||||||||||||||||| || u
050 ## - LIBRARY OF CONGRESS CALL NUMBER
Classification number HD 6961 Ind
100 ## - MAIN ENTRY--PERSONAL NAME
Personal name Burns, Tom
245 10 - TITLE STATEMENT
Title Industrial man
Statement of responsibility, etc. edited by Tom Burns
246 ## -
-- selected readings
260 ## - PUBLICATION, DISTRIBUTION, ETC.
Place of publication, distribution, etc. Harmondsworth
Name of publisher, distributor, etc. Penguin
Date of publication, distribution, etc. 1969
350 ## -
-- 0.00
650 #0 - SUBJECT ADDED ENTRY--TOPICAL TERM
Topical term or geographic name entry element INDUSTRIAL MANAGEMENT
650 ## - SUBJECT ADDED ENTRY--TOPICAL TERM
Topical term or geographic name entry element INDUSTRY
650 ## - SUBJECT ADDED ENTRY--TOPICAL TERM
Topical term or geographic name entry element INDUSTRIAL
995 ## -
-- BINDERY (DAMAGED)
-- 0.00
-- 710887
-- CBU-MAIN LIBRARY (Kitwe)
-- 1
-- 2.15
-- HD 6961 Ind
-- 1
-- DAMAGED
-- 003649
-- Main Library Open Access Collection
995 ## -
-- BINDERY (DAMAGED)
-- 0.00
-- 714314
-- CBU-MAIN LIBRARY (Kitwe)
-- 2
-- 2.15
-- HD 6961 Ind
-- 2
-- DAMAGED
-- 003648
-- Main Library Open Access Collection
999 ## -
-- 76490
-- 76490
Holdings
Withdrawn status Lost status Source of classification or shelving scheme Damaged status Not for loan Permanent Location Current Location Shelving location Date acquired Total Checkouts Full call number Barcode Date last seen Copy number Price effective from Koha item type
          CBU-MAIN LIBRARY, KITWE. CBU-MAIN LIBRARY, KITWE.   04/25/2023   HD 6961 Ind 003649 04/25/2023 1 04/25/2023 MONOGRAPH
          CBU-MAIN LIBRARY, KITWE. CBU-MAIN LIBRARY, KITWE.   04/25/2023   HD 6961 Ind 003648 04/25/2023 2 04/25/2023 MONOGRAPH